[Event "Israel"]
[Site "?"]
[Date "1995.??.??"]
[Round "?"]
[White "Alterman, B."]
[Black "Oratovski, M."]
[Result "1-0"]
[WhiteElo "2575"]
[BlackElo "2535"]
[PlyCount "69"]
[EventDate "1995.??.??"]
[Source "ChessBase"]
[SourceDate "1995.02.01"]

1. c4 e5 2. Nc3 Bb4 3. Nd5 Be7 4. d4 exd4 5. Nf3 c5 6. e3 dxe3 7. Bxe3 d6 8. Bf4 Nf6 9. Nxe7 Qxe7+ 10. Be2 Ne4 11. O-O g5 12. Nxg5 Nxg5 13. Bxd6 Qe4 14. Re1 Be6 15. Bg4 Qd4 16. Bxe6 Qxd1 17. Raxd1 Nxe6 18. f4 Nc6 19. f5 Ncd4 20. fxe6 Nxe6 21. Bxc5 Rc8 22. Rd5 Rg8 23. b3 a6 24. Bb4 Rg6 25. Rh5 h6 26. Bd2 b5 27. c5 Kd7 28. b4 Rh8 29. Rd5+ Ke7 30. Bf4 Rd8 31. Bd6+ Kd7 32. Rf1 Kc6 33. Rdf5 Ng5 34. Be7 Rd5 35. Bxg5 1-0

[Event "Bundesliga 2007-8"]
[Site "Hamburg GER"]
[Date "2007.10.20"]
[Round "1"]
[White "Kritz, L."]
[Black "Medvegy, Z."]
[Result "1/2-1/2"]
[WhiteElo "2596"]
[BlackElo "2512"]
[PlyCount "68"]
[EventDate "2007.10.19"]
[Source "www.chesslib.no"]
[SourceDate "2004.05.04"]

1. c4 e5 2. Nc3 Bb4 3. Qb3 Bxc3 4. Qxc3 Qe7 5. g3 Nc6 6. Bg2 Nf6 7. Nf3 d5 8. cxd5 Nxd5 9. Qb3 Nb6 10. d3 Be6 11. Qc3 f6 12. O-O O-O 13. a3 a5 14. Qc2 Rfd8 15. Bd2 a4 16. Rac1 Bb3 17. Qc5 Qe6 18. Rce1 Bd5 19. Be3 Rd7 20. Qc3 Na5 21. Nd2 Bxg2 22. Kxg2 Nd5 23. Qc2 Nb3 24. Nxb3 axb3 25. Qc1 Ra6 26. Qd2 e4 27. Kg1 Nxe3 28. Qxe3 exd3 29. exd3 Qxe3 30. Rxe3 Rc6 31. d4 Rxd4 32. Rxb3 b6 33. Re3 Rd2 34. b4 Rcc2 1/2-1/2

[Event "Russia"]
[Site "?"]
[Date "2004.??.??"]
[Round "?"]
[White "Ionov, S."]
[Black "Dolmatov, S."]
[Result "1/2-1/2"]
[WhiteElo "2535"]
[BlackElo "2570"]
[PlyCount "42"]
[EventDate "2004.??.??"]
[Source "Chess Informant"]
[SourceDate "2004.10.01"]

1. c4 e5 2. Nc3 Bb4 3. Nd5 Bc5 4. Nf3 c6 5. Nc3 Qe7 6. e3 d6 7. d4 Bb4 8. Qb3 Ba5 9. Bd2 Nf6 10. Be2 Bc7 11. O-O-O O-O 12. h3 a6 13. dxe5 dxe5 14. g4 a5 15. Ng5 Na6 16. Nge4 Nxe4 17. Nxe4 Nc5 18. Nxc5 Qxc5 19. Bd3 Be6 20. Qc2 h6 21. Kb1 e4 1/2-1/2

[Event "Leeuwarden Open"]
[Site "Leeuwarden NED"]
[Date "1994.??.??"]
[Round "8"]
[White "Beim, Valery"]
[Black "Hodgson, Julian M"]
[Result "0-1"]
[WhiteElo "2530"]
[BlackElo "2570"]
[PlyCount "34"]
[EventDate "1994.07.??"]
[Source "www.chesslib.no"]
[SourceDate "2004.05.04"]

1. c4 e5 2. Nc3 Bb4 3. Nd5 Be7 4. d4 d6 5. e4 Nc6 6. Nxe7 Ngxe7 7. d5 Nd4 8. Ne2 c5 9. dxc6 Nexc6 10. Be3 Qa5+ 11. Nc3 f5 12. Be2 f4 13. Bd2 O-O 14. f3 Qb6 15. Na4 Qd8 16. O-O Rf6 17. Rf2 Rh6 0-1

[Event "Mind Sports Games - Rapid Pair"]
[Site "Pechino CINA"]
[Date "2008.10.10"]
[Round "5"]
[White "Reinderman, D."]
[Black "Adianto, U."]
[Result "0-1"]
[WhiteElo "2543"]
[BlackElo "2554"]
[PlyCount "100"]
[EventDate "2008.10.09"]
[Source "www.chesslib.no"]
[SourceDate "2004.05.04"]

1. c4 e5 2. Nc3 Bb4 3. Nd5 Be7 4. d4 d6 5. e4 c6 6. Nxe7 Qxe7 7. Ne2 Nf6 8. Nc3 O-O 9. Be2 Re8 10. d5 Nbd7 11. O-O cxd5 12. cxd5 Nc5 13. f3 a5 14. Be3 b6 15. a3 a4 16. Bxc5 bxc5 17. Nxa4 Rb8 18. Qc2 Nh5 19. Nc3 Qg5 20. Bb5 Rf8 21. a4 f5 22. a5 Nf4 23. a6 Ra8 24. exf5 Bxf5 25. Ne4 Qg6 26. Bc6 Bxe4 27. fxe4 Rxa6 28. Kh1 Rxa1 29. Rxa1 h5 30. Bd7 Qf7 31. Bb5 h4 32. Rf1 Qg6 33. Bd7 Qg5 34. Qd2 Kh7 35. Rf3 g6 36. b3 Kg7 37. Bb5 h3 38. gxh3 Qh5 39. Rg3 Nxh3 40. Be2 Qh4 41. Bf3 Ra8 42. Qb2 Ng5 43. Qb1 Rh8 44. Qg1 Nxf3 45. Rxf3 Qxe4 46. Qg2 Qb1+ 47. Rf1 Qxb3 48. Kg1 Qe3+ 49. Kh1 Rh4 50. Rg1 Qe4 0-1

[Event "Groningen"]
[Site "Groningen"]
[Date "1991.??.??"]
[Round "9"]
[White "Hansen, Curt"]
[Black "Schmittdiel, Eckhard"]
[Result "1/2-1/2"]
[WhiteElo "2600"]
[BlackElo "2490"]
[PlyCount "46"]
[EventDate "1991.12.??"]
[Source "ChessBase"]

1. c4 e5 2. Nc3 Bb4 3. Qb3 a5 4. a3 Be7 5. g3 f5 6. Bg2 Nc6 7. d3 Nd4 8. Qd1 Nf6 9. e3 Ne6 10. Nge2 O-O 11. Nd5 c6 12. Nxe7+ Qxe7 13. O-O d6 14. b3 Bd7 15. Bd2 e4 16. Bc3 Nc5 17. dxe4 fxe4 18. h3 a4 19. b4 Nd3 20. Nf4 Ne5 21. Bxe5 Qxe5 22. Ra2 Be8 23. Rd2 Bf7 1/2-1/2

[Event "XXIV Open"]
[Site "Cappelle La Grande FRA"]
[Date "2008.02.21"]
[Round "7"]
[White "Petrosian, TL."]
[Black "Hasangatin, R."]
[Result "1/2-1/2"]
[WhiteElo "2606"]
[BlackElo "2481"]
[PlyCount "196"]
[EventDate "2008.02.16"]
[Source "www.chesslib.no"]
[SourceDate "2004.05.04"]

1. c4 e5 2. Nc3 Bb4 3. Nd5 Be7 4. d4 d6 5. e4 Nf6 6. Nxe7 Qxe7 7. f3 exd4 8. Qxd4 Nc6 9. Qe3 Nb4 10. Qc3 a5 11. a3 Nc6 12. b3 O-O 13. Bb2 Ne8 14. O-O-O f5 15. exf5 Bxf5 16. Ne2 Nf6 17. g4 Bd7 18. Ng3 Ne5 19. Be2 Rf7 20. Rhe1 Qf8 21. g5 Ne8 22. Rf1 Bh3 23. Rfe1 Nxf3 24. Bxf3 Rxf3 25. Qd4 Qf4+ 26. Qxf4 Rxf4 27. Re3 Bd7 28. Ne2 Rg4 29. Re7 Rd8 30. h4 Rxh4 31. Rf1 Rg4 32. Ref7 h6 33. gxh6 Nf6 34. Rxg7+ Rxg7 35. Bxf6 Re8 36. hxg7 Rxe2 37. Bc3 Re8 38. Bxa5 Re3 39. Kd2 Rxb3 40. Bc3 Rxc3 41. Kxc3 Kxg7 42. Rd1 Bc6 43. c5 dxc5 44. Kc4 b6 45. Rd8 Kf6 46. Rc8 Ke6 47. Rxc7 Kd6 48. Rh7 b5+ 49. Kc3 b4+ 50. axb4 cxb4+ 51. Kd4 Bd7 52. Rh8 b3 53. Rb8 b2 54. Rb6+ Ke7 55. Ke5 Bc6 56. Rxb2 Kf7 57. Rc2 Bb5 58. Rc5 Bd3 59. Rc3 Bb1 60. Rg3 Bc2 61. Rf3+ Kg7 62. Ke6 Be4 63. Rg3+ Kh8 64. Kf7 Bd5+ 65. Kg6 Be4+ 66. Kh6 Bh7 67. Rg7 Bg8 68. Kg6 Bc4 69. Rh7+ Kg8 70. Rd7 Kh8 71. Rd2 Bb3 72. Rb2 Bc4 73. Rb8+ Bg8 74. Rb7 Bc4 75. Rh7+ Kg8 76. Rc7 Bd3+ 77. Kh6 Be4 78. Rg7+ Kf8 79. Rg1 Bd3 80. Rg3 Be4 81. Kg5 Kf7 82. Rg4 Bc2 83. Rf4+ Ke6 84. Rf6+ Ke5 85. Rf2 Bd3 86. Rf8 Ke6 87. Rf6+ Ke5 88. Rf3 Bc2 89. Re3+ Be4 90. Re1 Kd4 91. Kf4 Bc2 92. Re2 Bd3 93. Re8 Bc4 94. Rd8+ Bd5 95. Rd7 Kc4 96. Ke5 Bf3 97. Rd4+ Kc3 98. Rd3+ Kxd3 1/2-1/2

[Event "Moscow RUS"]
[Site "?"]
[Date "2004.02.22"]
[Round "6"]
[White "Sargissian Gabriel"]
[Black "Hasangatin Ramil"]
[Result "1-0"]
[WhiteElo "2611"]
[BlackElo "2474"]
[PlyCount "120"]
[EventDate "2004.??.??"]
[Source "www.chesslib.no"]
[SourceDate "2004.05.04"]

1. c4 e5 2. Nc3 Bb4 3. g3 Bxc3 4. bxc3 Nf6 5. Bg2 O-O 6. e4 c6 7. Qb3 b5 8. cxb5 cxb5 9. Nf3 d6 10. O-O Qc7 11. Re1 a6 12. d4 Nc6 13. a4 Rb8 14. axb5 axb5 15. d5 Na5 16. Qb4 Nc4 17. Nd2 Nd7 18. Nxc4 bxc4 19. Qa5 Qxa5 20. Rxa5 Rb1 21. Rf1 f5 22. Ba3 Rb6 23. f3 Nf6 24. Bb4 fxe4 25. fxe4 Bg4 26. Rfa1 Be2 27. Ra6 Rfb8 28. Bh3 Nxe4 29. Be6+ Kf8 30. Bf5 Nc5 31. Bxc5 dxc5 32. d6 Rxa6 33. Rxa6 Kf7 34. d7 Bd3 35. Bh3 Ke7 36. Rc6 Rd8 37. Rxc5 Kd6 38. Rc8 Ke7 39. Rc5 Kd6 40. Rc8 Ke7 41. Be6 Bc2 42. Bg4 Bd3 43. Be6 Bc2 44. Kf2 Ba4 45. Bxc4 Rxd7 46. Ke3 Kd6 47. Bd3 h6 48. c4 Bc6 49. Be4 Bxe4 50. Kxe4 Rf7 51. h4 Re7 52. c5+ Kd7 53. Ra8 Kc6 54. Ra5 h5 55. Ra6+ Kxc5 56. Rg6 Kc4 57. Rg5 Kc5 58. Rxh5 Kd6 59. Rg5 Rf7 60. Rxe5 g6 1-0

[Event "Sommerskak"]
[Site "Copenhagen DEN"]
[Date "1993.??.??"]
[Round "5"]
[White "Miles, Anthony J"]
[Black "Mainka, Romuald"]
[Result "0-1"]
[WhiteElo "2565"]
[BlackElo "2515"]
[PlyCount "72"]
[EventDate "1993.??.??"]
[Source "www.chesslib.no"]
[SourceDate "2004.05.04"]

1. c4 e5 2. Nc3 Bb4 3. Nd5 Be7 4. Nf3 d6 5. d4 c6 6. Nxe7 Qxe7 7. c5 e4 8. cxd6 Qxd6 9. Ne5 Be6 10. b3 b5 11. h3 Ne7 12. Bb2 h5 13. Qc2 f6 14. Qxe4 fxe5 15. dxe5 Qd5 16. Qc2 Na6 17. e4 Qc5 18. Qxc5 Nxc5 19. f3 a5 20. Kd2 a4 21. b4 a3 22. Bd4 Na4 23. Be2 Rd8 24. Ke3 O-O 25. Rhc1 h4 26. Rc2 Rd7 27. Rf1 Rfd8 28. Ba1 Nb6 29. Bc3 Bc4 30. f4 Bd3 31. Bxd3 Rxd3+ 32. Ke2 Nc4 33. Rf3 Rxf3 34. Kxf3 Rd3+ 35. Kf2 Ng6 36. f5 Ngxe5 0-1

[Event "Wangs Pizol op"]
[Site "?"]
[Date "1996.??.??"]
[Round "3"]
[White "Sher Miron N"]
[Black "Khenkin Igor"]
[Result "1/2-1/2"]
[WhiteElo "2500"]
[BlackElo "2575"]
[PlyCount "60"]
[EventDate "1996.??.??"]
[Source "www.chesslib.no"]
[SourceDate "2004.05.04"]

1. c4 e5 2. Nc3 Bb4 3. Nd5 Be7 4. d4 exd4 5. Qxd4 Nf6 6. Nxe7 Qxe7 7. Qe3 Nc6 8. Qxe7+ Kxe7 9. Nf3 d6 10. e3 Nb4 11. Nd4 c5 12. Bd2 cxd4 13. Bxb4 dxe3 14. f3 Be6 15. O-O-O Rhd8 16. b3 a5 17. Ba3 a4 18. Kb2 axb3 19. axb3 Ra5 20. Bb4 Ra7 21. Bd3 Nd7 22. Rhe1 Nc5 23. Bb1 b5 24. Bxc5 dxc5 25. Rxd8 Kxd8 26. cxb5 Rd7 27. Kc3 Rd4 28. Rxe3 Rb4 29. Bc2 Rxb5 30. f4 g6 1/2-1/2

[Event "05.OIBayEM Bad Wiessee op"]
[Site "?"]
[Date "2001.11.03"]
[Round "8"]
[White "Pavlovic Milos"]
[Black "Kacheishvili Giorgi"]
[Result "1/2-1/2"]
[WhiteElo "2488"]
[BlackElo "2583"]
[PlyCount "37"]
[EventDate "2001.??.??"]
[Source "www.chesslib.no"]
[SourceDate "2004.05.04"]

1. c4 e5 2. Nc3 Bb4 3. Nd5 Be7 4. d4 d6 5. Nf3 c6 6. Nxe7 Qxe7 7. c5 dxc5 8. dxe5 Bg4 9. Bg5 f6 10. exf6 Nxf6 11. e3 Bxf3 12. Qxf3 Qe5 13. Bxf6 gxf6 14. O-O-O Nd7 15. Bd3 O-O-O 16. Bf5 Kc7 17. Bxd7 Rxd7 18. Rxd7+ Kxd7 19. Rd1+ 1/2-1/2

[Event "ECC"]
[Site "Rethymnon"]
[Date "2003.09.30"]
[Round "3"]
[White "Poldauf, Dirk"]
[Black "Kasimdzhanov, Rustam"]
[Result "1-0"]
[WhiteElo "2404"]
[BlackElo "2664"]
[PlyCount "93"]
[EventDate "2003.09.28"]
[Source "Roberto Alvarez"]
[SourceDate "2003.10.06"]

1. c4 e5 2. Nc3 Bb4 3. Nd5 Bc5 4. Nf3 e4 5. Ng5 e3 6. d4 exf2+ 7. Kxf2 Be7 8. Nxe7 Qxe7 9. e4 d6 10. b3 Nc6 11. Nf3 f6 12. Bd3 Qf7 13. Rf1 Nge7 14. Kg1 Qh5 15. a3 O-O 16. b4 a6 17. Ra2 Qe8 18. Re2 Ng6 19. Qe1 Bd7 20. Qg3 Nce7 21. Rfe1 Rd8 22. Bb2 Be6 23. h4 h5 24. Re3 b6 25. c5 bxc5 26. bxc5 dxc5 27. d5 Bg4 28. Qxc7 Bxf3 29. gxf3 Rd7 30. Qg3 Qb8 31. Qxb8 Rxb8 32. Ba1 a5 33. a4 Nc8 34. Bb5 Rdb7 35. Bc3 Nd6 36. Bf1 Ra8 37. Kh2 Ne5 38. Kg3 Ndc4 39. R3e2 Rb3 40. Rc2 Na3 41. Rcc1 Nd7 42. Bh3 Nb6 43. d6 c4 44. e5 fxe5 45. Rxe5 Ra7 46. Be6+ Kh7 47. Bf5+ 1-0